| 000 | 00345nam a2200145Ia 4500 | ||
|---|---|---|---|
| 008 | 230917s9999||||xx |||||||||||||| ||und|| | ||
| 040 |
_e68045 _aMAIN |
||
| 041 | _aEnglish | ||
| 082 | _a330.156 P629K | ||
| 100 | _aPigou, A C | ||
| 245 | 0 | _aKeyne's general theory | |
| 260 |
_aLondon _bMacmillan _c1959 |
||
| 300 | _aviii, 69 p. | ||
| 942 | _cBK | ||
| 999 |
_c115440 _d115440 |
||